[Event "Barcelona Primavera La Lira op 10th"]
[Site "Barcelona"]
[Date "2017.04.20"]
[Round "1"]
[White "Perez Pastora, Evaristo"]
[Black "Navarro Cardenas, Jose Adrian"]
[Result "1-0"]
[WhiteElo "2154"]
[BlackElo "1735"]
[PlyCount "73"]
[EventDate "2017.04.20"]
[EventType "swiss"]
[EventRounds "9"]
[EventCountry "ESP"]
[SourceTitle "EXT 2018"]
[Source "ChessBase"]
[SourceDate "2017.10.13"]
[SourceVersion "1"]
[SourceVersionDate "2017.10.13"]
[SourceQuality "1"]

1. e4 e5 2. Nf3 Nc6 3. Bb5 Nf6 4. d4 Nxe4 5. 0-0 Nd6 6. Bxc6 dxc6 7. dxe5 Nf5 8. Qxd8+ Kxd8 9. Nc3 Ke8 10. b3 Be7 11. Ne4 Nh4 12. Nd4 Nf5 13. Bb2 Nxd4 14. Bxd4 Be6 15. c4 Rd8 16. Rad1 h5 17. f4 Bf5 18. Nf2 Rh6 19. Be3 b6 20. g3 Rg6 21. Kg2 h4 22. Kf3 hxg3 23. hxg3 Rxd1 24. Rxd1 Rh6 25. g4 Bd7 26. f5 Rh2 27. Kg3 Rh7 28. Ne4 c5 29. Nc3 Bc6 30. Nd5 Bxd5 31. cxd5 Kd7 32. e6+ fxe6 33. dxe6+ Ke8 34. Bf4 g5 35. Be5 Bd8 36. f6 b5 37. f7+ 1-0